000 00214nam a2200085Ia 4500
008 120527s9999 xx 000 0 und d
100 _aLewis, Ricki
245 _aHuman Genetics: concepts and applications
942 _cBK
999 _c27307
_d27307